000
00219 a2200097 4500
001
58599
100
_a
245
_a
Advanced thermoset composites
260
_a
USA
_b
Van Nostrand Renhold,
_c
1986
090
_c
35954
_d
35954
942
_a
NUST-CAE
_c
28840
_c
999
_c
293672
_d
293672